000 01348cam a2200349 c 4500
999 _c34962
_d34962
001 a5094455
003 OSt
005 20240508151627.0
008 110810s2018 mex spa
020 _a978-607-32-4333-9
040 _aSpMaBN
_bspa
_cBMC
_erdc
082 _a658.15
082 _a337
082 _a658.800467
100 1 _920417
_aDaniels, John D.
245 1 0 _aNegocios internacionales
_b: ambientes y operaciones
_cJohn D. Daniels, Lee H. Radebaugh, Daniel P. Sullivan; traducción, Leticia Esther Pineda Ayala, Erika Montserrat Jasso Hernán D'Borneville; revisión técnica, Agata Michalska Haduch, Araceli Durán Hernández
250 _a15ª ed
260 _aMéxico, D.F. [etc.]
_bPearson
_c2018
300 _aXLV, 639 p.
_bil.
_c27 cm
500 _aÍndices: p. 595-639
546 _aTraducción de: International bussiness. Environments & operations.
650 2 4 _aEmpresas
_95713
_xFinanzas
650 2 4 _aEconomía internacional
_95978
650 2 4 _aMarketing en Internet
_97847
700 1 _aRadebaugh, Lee H.
_920418
700 1 _aSullivan, Daniel P.
_920419
700 1 _aPineda Ayala, Leticia Esther
_95262
700 _aJasso Hernand Borneville, Erika Montserrat‏
_97474
700 1 _aMichalska Haduch, Agata
_940647
700 1 _aDurán Hernández, Araceli
_948454
942 _2ddc
_cBK
_hprozim